Most Populous Countries in 2100 (Extreme) - Statistics

General Stats
  • This quiz has been taken 2,791 times
    2,783 since last reset
  • The average score is 81 of 100
Answer Stats
Population Answer % Correct
1,064,993,456 China
99%
1,447,025,612 India
99%
433,853,890 United States
99%
180,682,762 Brazil
96%
164,947,337 Niger
96%
732,941,595 Nigeria
96%
78,053,263 United Kingdom
96%
320,782,425 Indonesia
95%
141,509,942 Mexico
95%
403,102,827 Pakistan
95%
126,142,650 Russia
95%
74,740,595 Germany
94%
74,959,378 Japan
94%
224,735,180 Egypt
93%
65,497,772 France
93%
56,802,492 Argentina
92%
98,587,984 Iran
92%
39,992,910 Italy
92%
33,209,856 Spain
92%
56,953,224 Canada
91%
86,170,462 Turkey
91%
70,704,619 Algeria
90%
42,876,774 Australia
90%
151,393,018 Bangladesh
90%
45,221,276 Colombia
90%
294,392,902 Ethiopia
90%
79,190,832 South Africa
90%
107,711,273 Iraq
89%
42,231,011 Saudi Arabia
89%
29,541,952 South Korea
89%
97,437,286 Vietnam
89%
17,332,335 Chile
87%
44,707,863 Morocco
87%
39,158,180 Peru
87%
23,032,568 Poland
87%
142,342,356 Sudan
87%
46,015,553 Thailand
87%
24,413,452 Ukraine
87%
34,240,724 Venezuela
87%
125,423,855 Kenya
86%
285,651,845 Tanzania
86%
40,078,167 Malaysia
85%
146,327,441 Philippines
85%
20,961,986 Republic of the Congo
85%
75,716,428 Somalia
84%
74,937,961 Afghanistan
83%
27,917,815 Kazakhstan
83%
188,283,131 Angola
82%
61,849,820 Chad
82%
79,011,409 Ghana
82%
80,382,696 Mali
81%
31,738,064 South Sudan
81%
136,784,876 Uganda
81%
123,646,946 Mozambique
80%
13,022,532 Sweden
80%
36,103,178 Syria
80%
30,965,421 Zimbabwe
79%
55,298,928 Myanmar
78%
22,792,832 North Korea
78%
11,877,960 Romania
78%
53,171,320 Yemen
78%
81,546,198 Zambia
78%
21,355,011 Cambodia
77%
63,515,357 Senegal
77%
42,270,841 Uzbekistan
77%
17,390,956 Bolivia
76%
90,225,178 Cameroon
76%
11,631,410 Central African Republic
76%
15,759,617 Netherlands
76%
11,012,547 Dominican Republic
75%
362,031,081 Democratic Republic of the Congo
74%
24,482,822 Ecuador
74%
12,909,869 United Arab Emirates
74%
96,632,720 Côte d'Ivoire
73%
99,957,340 Madagascar
73%
16,256,341 Taiwan
73%
31,270,073 Guatemala
72%
45,256,876 Guinea
72%
18,127,523 Israel
72%
33,412,642 Rwanda
72%
12,492,831 Belgium
71%
23,708,193 Nepal
71%
17,064,607 Mauritania
70%
12,972,285 Tunisia
70%
47,208,997 Benin
69%
26,949,191 Togo
69%
14,760,450 Haiti
68%
13,644,110 Jordan
68%
15,275,208 Sri Lanka
68%
50,904,072 Burundi
67%
83,194,233 Burkina Faso
66%
15,525,035 Liberia
66%
66,559,386 Malawi
66%
14,325,309 Honduras
65%
19,782,703 Papua New Guinea
65%
25,328,026 Tajikistan
65%
16,675,197 Sierra Leone
64%
10,984,938 Kyrgyzstan
61%
10,274,069 Czech Republic
58%
11,041,105 Switzerland
56%
No matching quizzes found
Score Distribution
Percent of People with Each Score
Percentile by Number Answered
Your Score History
You have not taken this quiz since the last reset